| 000 | 00380nam a2200097Ia 4500 | ||
|---|---|---|---|
| 008 | 180130s9999 xx 000 0 und d | ||
| 245 |
_cTeirlinck, Peter _aA snapshot on STI policies and indicators for Belgium |
||
| 260 | _c2013 | ||
| 300 | _aBook title: Innovation and creativity : pillars of the future global economy--Acession number C17287; pages 43-84 | ||
| 650 | _aGLOBAL ECONOMY | ||
| 999 |
_c354581 _d354581 |
||